| 000 | 00508nam a2200157 4500 | ||
|---|---|---|---|
| 999 |
_c17322 _d17322 |
||
| 008 | 220923b ||||| |||| 00| 0 eng d | ||
| 020 | _a9781666889710 | ||
| 082 |
_22022 _aDC 370.15 _bF669 |
||
| 100 |
_aFlowers, Ayden. _946099 |
||
| 245 |
_aAdvance educational psychology / _cAyden Flowers. |
||
| 260 |
_aU.S.A. : _bKaufman Press, _c©2022. |
||
| 300 |
_axi, 275 pages ; _c26 cm. |
||
| 500 | _aIncludes bibliographical references and index. | ||
| 650 |
_aEducational psychology. _946100 |
||
| 942 |
_2ddc _cDC |
||